000 005310000a22001810004500
090 _aAR
_b02092
245 1 0 _aTrapped in a Colombian sierra
650 1 4 _aEntomología
_94483
650 1 4 _aZoogeografía
_993082
650 1 4 _aMariposas
_993025
650 1 4 _aDistribución altitudinal
_94375
650 1 4 _aEvolución
_992797
651 4 _lSierra Nevada de Santa Marta
_dMagdalena
_pColombia
_992749
041 0 _aInglés
100 1 _aAdams, Mike
_995557
942 _cARTICULO
773 1 _tGeographical Magazine
_31169
_q250-254
_d1975?
999 _c11169
_d11169